000 00303nam a2200109Ia 4500
008 171211s9999 xx 000 0 und d
245 _aLeaves from My Chinese Scrapbook
245 _cFrederic Henry Balfour
260 _c2000
650 _xHistory
856 _uhttp://down.ebook777.com/063/0415242878.pdf
999 _c348840
_d348840